Posúdenie optimálneho spôsobu spracovania vodíkového odplynu z VGH bakalárska práca

Salvato in:
Dettagli Bibliografici
Autore principale: Oravkin, Michal
Natura: Libro
Lingua:inglese
Pubblicazione: Bratislava STU FCHPT 2013
Accesso online:Visualizza in OPAC
Tags: Aggiungi Tag
Nessun Tag, puoi essere il primo ad aggiungerne!!

MARC

LEADER 00000nam a2200000 a 4500
005 20260127134108.0
008 131024 000 0 eng d
035 |a vtls010553324 
039 9 |y 201310240856  |z mschk03 
040 |a STUSCHK1  |b slo  |c STUSCHK1  |e AACR2 
100 1 |a Oravkin, Michal 
245 1 |a Posúdenie optimálneho spôsobu spracovania vodíkového odplynu z VGH  |b bakalárska práca  |c Michal Oravkin 
260 |a Bratislava  |b STU FCHPT  |c 2013 
300 |a 44 s.  |b il.  |c 30 cm 
500 |a Obhájené: 24.10.2013 
500 |a Štud. program: Chemické inžinierstvo 
500 |a Štud. odbor: Chemické inžinierstvo 
500 |a Škol. pracovisko: Odd. chemického a biochemického inžinierstva 
500 |a Evid. číslo: FCHPT-5431-69337 
910 |a SCHK95 
999 |c 3969  |d 3969